Pocket medical dictionary / (Record no. 132778)
[ view plain ]
| 000 -LEADER | |
|---|---|
| fixed length control field | 00904cam a22002534a 4500 |
| 001 - CONTROL NUMBER | |
| control field | vtls003211471 |
| 003 - CONTROL NUMBER IDENTIFIER | |
| control field | MY-SjTCS |
| 005 - DATE AND TIME OF LATEST TRANSACTION | |
| control field | 20200226114446.0 |
| 008 - FIXED-LENGTH DATA ELEMENTS--GENERAL INFORMATION | |
| fixed length control field | 110218r20042002my a d 000 0 eng d |
| 020 ## - INTERNATIONAL STANDARD BOOK NUMBER | |
| International Standard Book Number | 9789837204737 (pbk.) |
| 020 ## - INTERNATIONAL STANDARD BOOK NUMBER | |
| International Standard Book Number | 9837204737 (pbk.) |
| 039 #9 - LEVEL OF BIBLIOGRAPHIC CONTROL AND CODING DETAIL [OBSOLETE] | |
| Level of rules in bibliographic description | 201102181654 |
| Level of effort used to assign nonsubject heading access points | VLOAD |
| Level of effort used to assign subject headings | 201012031004 |
| Level of effort used to assign classification | shuhada |
| Level of effort used to assign subject headings | 201012030959 |
| Level of effort used to assign classification | shuhada |
| -- | 201010211059 |
| -- | malathy |
| 082 04 - DEWEY DECIMAL CLASSIFICATION NUMBER | |
| Classification number | 610.3 |
| Item number | GUP 2004 |
| 100 1# - MAIN ENTRY--PERSONAL NAME | |
| Personal name | Gupta, L. C. |
| 9 (RLIN) | 49149 |
| 245 10 - TITLE STATEMENT | |
| Title | Pocket medical dictionary / |
| Statement of responsibility, etc. | Gupta & Gupta. |
| 246 34 - VARYING FORM OF TITLE | |
| Title proper/short title | Pocket medical dictionary with 500 illustrations |
| 260 ## - PUBLICATION, DISTRIBUTION, ETC. | |
| Place of publication, distribution, etc. | Petaling Jaya, Selangor : |
| Name of publisher, distributor, etc. | Golden Books Centre Sdn. Bhd., |
| Date of publication, distribution, etc. | 2004. |
| 300 ## - PHYSICAL DESCRIPTION | |
| Extent | 803 p., [16] p. of col. plates : |
| Other physical details | ill. ; |
| Dimensions | 18 cm. |
| 500 ## - GENERAL NOTE | |
| General note | First published: 2002. |
| 500 ## - GENERAL NOTE | |
| General note | "Now with latest words"--Covers. |
| 650 #0 - SUBJECT ADDED ENTRY--TOPICAL TERM | |
| Topical term or geographic name entry element | Medicine |
| Form subdivision | Dictionaries. |
| 9 (RLIN) | 18835 |
| 700 1# - ADDED ENTRY--PERSONAL NAME | |
| Personal name | Gupta, Kusum. |
| 9 (RLIN) | 49150 |
| 920 ## - Programme | |
| Programme | GENLS : 153234 |
| Withdrawn status | Lost status | Source of classification or shelving scheme | Damaged status | Not for loan | Home library | Current library | Date acquired | Cost, normal purchase price | Total Checkouts | Barcode | Date last seen | Copy number | Cost, replacement price | Koha item type | Public note |
|---|---|---|---|---|---|---|---|---|---|---|---|---|---|---|---|
| Withdrawn | Dewey Decimal Classification | Taylor's Library-TU | Taylor's Library-TU | 21/10/2010 | 32.50 | 5000105380 | 05/12/2019 | 1 | 32.50 | Reference Collection | GENLS,GENLS,02,GR |